00881nam a22002177a 4500999001700000003000900017008004100026040007100067082002300138100002200161245003500183260005400218300002700272505016500299650002200464650001600486650002100502942001600523945002100539952010300560 c15578d15578AR-CdUCM190325b ||||| |||| 00| 0 spa d aMUNICIPALIDAD PROVINCIAL DEL CUSCOcBIBLIOTECA MUNICIPAL DEL CUSCO aC / 980.004 /bF84 aFrisancho, José aDel Jesuitismo al Indianismo / aCuzco :bTalleres tipográficos imperial,c1931. a145 páginas ;c21 cm aContenido : La España plenaria -- La sierra trágica -- Procesalismo serrano -- Los estudios jurídicos en hipanoamerica -- Naturaleza, hombres y cultura... aJesuitismo934697 aSiglo XX98 aNarracion934698 2ddccLIBROS awntsd2019-04-29 002ddc4070aSCAbSCAcCARTd2019-04-29g65.00oC / 980.004 / F84pSCA0003672r2019-04-29yLIBROS